What can VR do for you? (Record no. 85184)

MARC details
000 -LEADER
fixed length control field 00932cab a22002175a 4500
001 - CONTROL NUMBER
control field L160206
008 - FIXED-LENGTH DATA ELEMENTS--GENERAL INFORMATION
fixed length control field 190222e2019 xxk 000 0 eng d
035 ## - SYSTEM CONTROL NUMBER
System control number (Sirsi) u160206
041 0# - LANGUAGE CODE
Language code of text/sound track or separate title eng
100 1# - MAIN ENTRY--PERSONAL NAME
Personal name Pryke, Andrew
245 00 - TITLE STATEMENT
Title What can VR do for you?
490 ## - SERIES STATEMENT
Series statement RICS Property Journal
Volume/sequential designation January/February 2019, 8-9(2)
520 ## - SUMMARY, ETC.
Summary, etc. Looks at the growth of the use of Virtual Reality (VR) headsets together with Augumented Reality (AR) and Mixed Reality (MR) in the property sector and discusses how this will change clients' perceptions of a building. Features 4 cases using VR technology incuding Epworth House, London, Atlantic Square, Glasgow, Ainsley Street student accommodation, Durham and King's Cross station.
590 ## - LOCAL NOTE (RLIN)
Local note NTK
650 24 - SUBJECT ADDED ENTRY--TOPICAL TERM
Topical term or geographic name entry element VIRTUAL REALITY
650 24 - SUBJECT ADDED ENTRY--TOPICAL TERM
Topical term or geographic name entry element AUGMENTED REALITY
650 24 - SUBJECT ADDED ENTRY--TOPICAL TERM
Topical term or geographic name entry element MIXED SITE
651 #4 - SUBJECT ADDED ENTRY--GEOGRAPHIC NAME
Geographic name United Kingdom
690 ## - LOCAL SUBJECT ADDED ENTRY--TOPICAL TERM (OCLC, RLIN)
Topical term or geographic name as entry element Facilities management
9 (RLIN) 6240
942 ## - ADDED ENTRY ELEMENTS (KOHA)
Suppress in OPAC 0
Source of classification or shelving scheme Dewey Decimal Classification
Holdings
Withdrawn status Lost status Source of classification or shelving scheme Damaged status Not for loan Home library Current library Shelving location Date acquired Total Checkouts Date last seen Copy number Price effective from Koha item type
    Dewey Decimal Classification     London London Journals 22/02/2019   06/08/2019 1 06/08/2019 Journal article